'C' This Typing Challenge Quiz Stats

 Plays Quiz Updated Feb 7, 2013

Challenge
Share
Tweet
Embed
Score 0/48 Timer 02:00
1 Play Today
% Correct
cat
99.7%
core
99.2%
card
99%
luck
98.5%
cake
98.5%
pact
98.1%
zinc
97.9%
spicy
97.6%
closet
97.4%
force
97.4%
pencil
97.4%
accuse
97.3%
cucec
92.7%
viccec
91.2%
ecacch
90.3%
sicck
90.1%
cracnec
89.7%
qucicck
88.6%
clocucd
88.2%
flececcec
86.5%
socccecr
85.9%
cocecrcec
84%
acccecnt
82.7%
coccocnuct
79.9%
% Correct
fct
76.1%
dic
73.7%
cid
71.4%
pce
69.5%
ich
67.4%
cope
65.3%
ctor
63.3%
quake
59.9%
mach
58%
wcky
54.4%
tctc
47.1%
ccle
43.1%
kooc
37.8%
cikc
34.6%
scid
32.2%
bakc
30.1%
khalc
27%
kranc
24.7%
klikc
21.7%
krooc
19.8%
pikcle
17.9%
khurkh
14.9%
kokcpit
12.5%
krakcer
10.7%

You're not logged in!

Compare scores with friends on all Sporcle quizzes.
Join for Free
OR
Log In

You Might Also Like...

Show Comments

Extras

Top Quizzes Today


Score Distribution

Your Account Isn't Verified!

In order to create a playlist on Sporcle, you need to verify the email address you used during registration. Go to your Sporcle Settings to finish the process.

Report this User

Report this user for behavior that violates our Community Guidelines.

Details: